Statistics for Rubik's Cubes and Other Puzzles

Click here to take the quiz!

General Stats

  • This quiz has been taken 219 times
    (85 since last reset)
  • The average score is 39 of 98

Answer Stats

Answer% Correct
1x1x1
100%
2x2x2
98%
3x3x3
98%
4x4x4
98%
5x5x5
97%
6x6x6
97%
7x7x7
95%
10x10x10
94%
11x11x11
94%
12x12x12
94%
8x8x8
94%
9x9x9
94%
13x13x13
92%
15x15x15
86%
17x17x17
82%
19x19x19
82%
21x21x21
82%
Pyraminx
66%
Gear Cube
65%
2x2x3
63%
Rubik's Clock
63%
1x2x3
62%
1x1x3
60%
Domino Cube
60%
Mirror Blocks 3x3x3
60%
Megaminx
58%
Floppy Cube
57%
2x2x4
54%
Skewb
54%
Boob Cube
52%
Square-One
49%
Gear Pyraminx
46%
Square-Two
46%
Animal Cubes
45%
Fruit Cubes
45%
Void Cube
45%
Ghost Cube
40%
Gigaminx
40%
Force Cube
38%
Ivy Cube
38%
Rubik's Snake
38%
Barrel Cube
37%
Kibiminx
35%
Master Pyraminx
35%
Windmill Cube
35%
Mirror Blocks 2x2x2
34%
Axis Cube
32%
Rubik's Magic
32%
Mastermorphix
31%
Teraminx
31%
Dino Cube
29%
Blind Cube 3x3x3
28%
Fisher Cube
28%
Pyramorphix
28%
Rubik's Race
28%
4x4x4 Mastermorphix
26%
Petaminx
26%
Polaris Cube
26%
Professor Pyraminx
26%
5x5x5 Mastermorphix
25%
Redi Cube
25%
Siamese Cubes
25%
6x6x6 Mastermorphix
23%
7x7x7 Mastermorphix
23%
Examinx
22%
Infinity Cube
20%
Time Machine Cube
20%
Maze Cube
18%
Puppet Cube v1
18%
Puppet Cube v2
18%
Pyraminx Duo
18%
Rubik's Clock 5x5
18%
Rubik's Master Magic
18%
15 Puzzle/Klotski
17%
Penrose Cube
17%
Unicorn Cube
17%
Yeet Ball
17%
Rubik's Clock 3x3
15%
Skewb Extreme
14%
Twisted 3x3x3
14%
Rainbow Ball
12%
2x2x2x2
11%
Jing's Pyraminx
11%
3x3x3x3
9%
Coin Pyraminx
9%
Mole Cube
9%
Corner Twist Pyraminx
8%
Crazy 3x3x3
8%
Hanoi Tower
8%
Pentacle Cube
6%
Six Spot Cube
6%
Spinner Cube
6%
Arxon's Babylon Tower
5%
Crazy Megaminx
5%
Rediminx
5%
Rubik's 360°
3%
Wolf Tooth Cube
3%
Corn Tower
2%

Score Distribution

Percentile by Number Answered

Percent of People with Each Score

Your Score History

You have not taken this quiz since the last reset